| 000 | 00390nam a2200145Ia 4500 | ||
|---|---|---|---|
| 008 | 230312s9999||||xx |||||||||||||| ||und|| | ||
| 020 | _a1-899988-88-2 | ||
| 082 |
_a133.442 _bMOR-H |
||
| 100 | _aMorris;Sara | ||
| 245 | 0 | _aBewitched:Titania's Book Of Love Spells | |
| 260 |
_bQuadrille Publishers Ltd _aLondon _c2000 |
||
| 300 | _a120 | ||
| 650 |
_aArchitecture _vArt & Design |
||
| 942 | _cBK | ||
| 999 |
_c11895 _d11895 |
||